00486 2200169 4500001002100000008004100021035002000062245007200082100002700154260003300181300002100214084001600235082001400251650001300265990001900278990001900297INLIS000000000000462 ind  a0010-0625000130 aPahlawan Indonesia, Kumpulan Sejarah LengkapcTim Kreatif Serbajaya aSerbajaya, Tim Kreatif aSurabaya.bSerba Jaya,c2022 a128 hlm.c24 cm. a923.2 NUR m a920.059 8 aBiografi a2111/MP.H/2022 a2112/MP.H/2023